Geopolitical Changes 1995-Now - Statistics

General Stats
  • This quiz has been taken 1,891 times
    1,761 since last reset
  • The average score is 18 of 44
Answer Stats
Answer % Correct
South Sudan
94%
Sudan
92%
Serbia
86%
Kosovo
85%
Yugoslavia
82%
Montenegro
78%
Belgrade
70%
Pristina
64%
East Timor
63%
Indonesia
62%
Juba
59%
Podgorica
59%
Macedonia
58%
Serbia and Montenegro
58%
North Macedonia
57%
Kazakhstan
55%
Astana
54%
Nur-Sultan
53%
Dili
47%
Eswatini
47%
Swaziland
46%
Myanmar
42%
Almaty
41%
Democratic Republic of the Congo
35%
Zaire
33%
Yangon
32%
Naypyidaw
28%
Burundi
25%
Bujumbura
22%
Gitega
22%
Afghanistan
19%
Kabul
17%
Tanzania
16%
Dar-es-Salaam
15%
Palau
15%
Dodoma
13%
Ngerulmud
11%
Koror
7%
Samoa
7%
Aqmola
5%
Western Samoa
5%
Mazar-i-Sharif
3%
Fayzabad
1%
Taloqan
1%
No matching quizzes found
Score Distribution
Percent of People with Each Score
Percentile by Number Answered
Your Score History
You have not taken this quiz since the last reset